[Event "FRA-chTW Top 12 2019"]
[Site "Vandoeuvre"]
[Date "2019.05.02"]
[Round "1.11"]
[White "L'Ami, Alina"]
[Black "Gospodaru, Teodora"]
[Result "1-0"]
[WhiteElo "2286"]
[BlackElo "1434"]
[Annotator "NA"]
[PlyCount "77"]
[EventDate "2019.05.02"]
[EventType "team-tourn"]
[EventCountry "FRA"]
[SourceTitle "playchess.com"]
[Source "ChessBase"]
[SourceQuality "1"]
[TimeControl "40/5400+30:1800+30"]

1. d4 {[%emt 0:00:00]} Nf6 {[%emt 0:00:00]} 2. c4 {[%emt 0:00:00]} e6 {[%emt 0:00:00]} 3. Nc3 {[%emt 0:00:00]} Bb4 {[%emt 0:00:00]} 4. e3 {[%emt 0:00:10]} O-O {[%emt 0:00:10]} 5. Bd3 {[%emt 0:01:11]} d5 {[%emt 0:00:14]} 6. Nf3 {[%emt 0:00:51]} c5 {[%emt 0:00:50]} 7. O-O {[%emt 0:00:32]} cxd4 {[%emt 0:02:38]} 8. exd4 {[%emt 0:00:11]} b6 {[%emt 0:02:43]} 9. Bg5 {[%emt 0:02:30]} dxc4 {[%emt 0:04:50]} 10. Be4 {[%emt 0:03:09]} Nc6 {[%emt 0:07:02]} 11. Bxc6 {[%emt 0:00:14]} Rb8 {[%emt 0:00:04]} 12. Ne5 {[%emt 0:07:00]} Be7 {[%emt 0:04:02]} 13. Bf3 {[%emt 0:02:29]} Bd7 {[%emt 0:01:41]} 14. Nxc4 {[%emt 0:01:19]} b5 {[%emt 0:01:50]} 15. Ne5 {[%emt 0:00:13]} b4 {[%emt 0:00:19]} 16. Nxd7 {[%emt 0:00:44]} Qxd7 {[%emt 0:00:30]} 17. Ne2 {[%emt 0:01:36]} Rfd8 {[%emt 0:00:28]} 18. Rc1 {[%emt 0:00:31]} Nd5 {[%emt 0:00:44]} 19. Bxe7 {[%emt 0:00:23]} Nxe7 {[%emt 0:00:24]} 20. Qd2 {[%emt 0:00:28]} Nf5 {[%emt 0:00:37]} 21. Rfd1 {[%emt 0:00:46]} Rb6 {[%emt 0:02:12]} 22. Be4 {[%emt 0:00:40]} Ne7 {[%emt 0:02:33]} 23. Qc2 {[%emt 0:03:33]} f5 {[%emt 0:01:51]} 24. Bf3 {[%emt 0:00:10]} Rd6 {[%emt 0:05:11]} 25. Qb3 {[%emt 0:01:47]} a5 {[%emt 0:02:08]} 26. Rc5 {[%emt 0:00:54]} g5 {[%emt 0:02:42]} 27. g3 {[%emt 0:00:44]} Qa7 {[%emt 0:00:33]} 28. Rdc1 {[%emt 0:00:35]} R8d7 {[%emt 0:01:21]} 29. Qe3 {[%emt 0:00:42]} h6 {[%emt 0:00:48]} 30. Qe5 {[%emt 0:00:32]} Ng6 {[%emt 0:02:21]} 31. Rc8+ {[%emt 0:01:38]} Kh7 {[%emt 0:01:21]} 32. Qxd6 {[%emt 0:01:54]} Rxd6 {[%emt 0:01:09]} 33. R1c7+ {[%emt 0:00:08]} Rd7 {[%emt 0:00:19]} 34. Rxa7 {[%emt 0:00:04]} Rxa7 {[%emt 0:00:04]} 35. Rc6 {[%emt 0:01:58]} e5 {[%emt 0:01:08]} 36. Bh5 {[%emt 0:01:08]} Ne7 {[%emt 0:00:23]} 37. Rc5 {[%emt 0:00:18]} e4 {[%emt 0:01:00]} 38. d5 {[%emt 0:00:18]} Rd7 {[%emt 0:02:24]} 39. d6 {[%emt 0:00:12]} 1-0

[Event "FRA-chTW Top 12 2019"]
[Site "Vandoeuvre"]
[Date "2019.05.02"]
[Round "1.11"]
[White "Hamelin, Isabelle"]
[Black "Verot, Melanie"]
[Result "1-0"]
[WhiteElo "1609"]
[BlackElo "2069"]
[Annotator "NA"]
[PlyCount "111"]
[EventDate "2019.05.02"]
[EventType "team-tourn"]
[EventCountry "FRA"]
[SourceTitle "playchess.com"]
[Source "ChessBase"]
[SourceQuality "1"]
[TimeControl "40/5400+30:1800+30"]

1. c4 {[%emt 0:00:00]} e6 {[%emt 0:00:14]} 2. Nc3 {[%emt 0:00:00]} d5 {[%emt 0:00:09]} 3. cxd5 {[%emt 0:00:00]} exd5 {[%emt 0:00:21]} 4. d4 {[%emt 0:00:03]} c5 {[%emt 0:00:42]} 5. Nf3 {[%emt 0:01:25]} Nc6 {[%emt 0:00:18]} 6. g3 {[%emt 0:04:15]} Nf6 {[%emt 0:00:54]} 7. Bg2 {[%emt 0:00:29]} Be7 {[%emt 0:01:07]} 8. O-O {[%emt 0:00:22]} O-O {[%emt 0:00:30]} 9. a3 {[%emt 0:01:21]} c4 {[%emt 0:02:24]} 10. Re1 {[%emt 0:06:52]} h6 {[%emt 0:19:17]} 11. Qc2 {[%emt 0:18:05]} Bg4 {[%emt 0:07:29]} 12. e3 {[%emt 0:02:27]} Qb8 {[%emt 0:14:59]} 13. b4 {[%emt 0:08:45]} b5 {[%emt 0:11:47]} 14. Bb2 {[%emt 0:03:01]} Bxb4 {[%emt 0:08:29]} 15. axb4 {[%emt 0:02:02]} Nxb4 {[%emt 0:00:07]} 16. Qb1 {[%emt 0:03:31]} Nd3 {[%emt 0:00:42]} 17. Rd1 {[%emt 0:02:06]} b4 {[%emt 0:03:36]} 18. Ne2 {[%emt 0:03:39]} Ne4 {[%emt 0:01:14]} 19. Rxd3 {[%emt 0:02:39]} cxd3 {[%emt 0:00:09]} 20. Qxd3 {[%emt 0:00:21]} a5 {[%emt 0:01:55]} 21. Nd2 {[%emt 0:02:08]} Nxd2 {[%emt 0:04:08]} 22. Qxd2 {[%emt 0:00:16]} Qb5 {[%emt 0:01:08]} 23. Nf4 {[%emt 0:00:46]} Rfd8 {[%emt 0:00:52]} 24. Nd3 {[%emt 0:01:22]} Bf5 {[%emt 0:19:29]} 25. Nc5 {[%emt 0:00:14]} Qb6 {[%emt 0:00:00]} 26. Qd1 {[%emt 0:02:54]} Ra7 {[%emt 0:00:00]} 27. Qb3 {[%emt 0:03:01]} Be6 {[%emt 0:00:00]} 28. Ra4 {[%emt 0:06:08]} h5 {[%emt 0:00:00]} 29. h4 {[%emt 0:00:52]} Qd6 {[%emt 0:00:00]} 30. Bc1 {[%emt 0:01:23]} Bd7 {[%emt 0:00:00]} 31. Ra1 {[%emt 0:01:16]} Bb5 {[%emt 0:00:33]} 32. Bf1 {[%emt 0:01:57]} Bxf1 {[%emt 0:00:38]} 33. Kxf1 {[%emt 0:00:06]} Qf6 {[%emt 0:00:47]} 34. Kg2 {[%emt 0:00:13]} Qf5 {[%emt 0:00:34]} 35. Bd2 {[%emt 0:00:39]} Rda8 {[%emt 0:00:51]} 36. Qa4 {[%emt 0:00:24]} Qg4 {[%emt 0:01:06]} 37. f3 {[%emt 0:00:23]} Qf5 {[%emt 0:00:33]} 38. Qb3 {[%emt 0:06:02]} Rb8 {[%emt 0:01:00]} 39. Ra4 {[%emt 0:00:55]} Rb6 {[%emt 0:00:21]} 40. Ra1 {[%emt 0:03:58]} g5 {[%emt 0:00:50]} 41. hxg5 {[%emt 0:30:35]} Qxg5 {[%emt 0:30:11]} 42. Rh1 {[%emt 0:00:34]} Rg6 {[%emt 0:00:19]} 43. Rh3 {[%emt 0:00:34]} Re7 {[%emt 0:01:12]} 44. Qd3 {[%emt 0:00:39]} h4 {[%emt 0:00:31]} 45. g4 {[%emt 0:00:19]} f5 {[%emt 0:00:11]} 46. e4 {[%emt 0:00:44]} f4 {[%emt 0:00:32]} 47. e5 {[%emt 0:00:24]} Reg7 {[%emt 0:00:50]} 48. e6 {[%emt 0:01:02]} Qf6 {[%emt 0:00:15]} 49. Nd7 {[%emt 0:02:34]} Qxe6 {[%emt 0:00:20]} 50. Ne5 {[%emt 0:00:12]} Rh6 {[%emt 0:00:52]} 51. Bxf4 {[%emt 0:00:14]} Rhh7 {[%emt 0:00:01]} 52. Qb5 {[%emt 0:01:12]} Rc7 {[%emt 0:00:14]} 53. Qb8+ {[%emt 0:00:32]} Rc8 {[%emt 0:00:04]} 54. Qb5 {[%emt 0:01:46]} Rc2+ {[%emt 0:00:05]} 55. Kf1 {[%emt 0:00:17]} Rc3 {[%emt 0:02:09]} 56. Qxa5 {[%emt 0:01:57]} 1-0

[Event "FRA-chTW Top 12 2019"]
[Site "Vandoeuvre"]
[Date "2019.05.02"]
[Round "1.12"]
[White "Bonvalot, Isabelle"]
[Black "Saliou, Sarah"]
[Result "0-1"]
[WhiteElo "1936"]
[BlackElo "1696"]
[Annotator "NA"]
[PlyCount "114"]
[EventDate "2019.05.02"]
[EventType "team-tourn"]
[EventCountry "FRA"]
[SourceTitle "playchess.com"]
[Source "ChessBase"]
[SourceQuality "1"]
[TimeControl "40/5400+30:1800+30"]

1. e4 {[%emt 0:00:00]} c5 {[%emt 0:00:00]} 2. c3 {[%emt 0:00:00]} Nf6 {[%emt 0:00:00]} 3. e5 {[%emt 0:00:00]} Nd5 {[%emt 0:00:00]} 4. d4 {[%emt 0:00:00]} cxd4 {[%emt 0:00:39]} 5. Nf3 {[%emt 0:00:00]} Nc6 {[%emt 0:04:10]} 6. cxd4 {[%emt 0:01:32]} g6 {[%emt 0:10:01]} 7. Bc4 {[%emt 0:02:12]} Nb6 {[%emt 0:01:34]} 8. Bb3 {[%emt 0:01:10]} Bg7 {[%emt 0:00:27]} 9. O-O {[%emt 0:00:40]} O-O {[%emt 0:00:31]} 10. Bf4 {[%emt 0:04:17]} d6 {[%emt 0:14:05]} 11. exd6 {[%emt 0:04:24]} exd6 {[%emt 0:00:06]} 12. h3 {[%emt 0:00:09]} d5 {[%emt 0:09:15]} 13. Nc3 {[%emt 0:02:17]} a6 {[%emt 0:11:38]} 14. Qd2 {[%emt 0:04:21]} Na5 {[%emt 0:09:58]} 15. Bh6 {[%emt 0:05:25]} Nac4 {[%emt 0:01:02]} 16. Qc1 {[%emt 0:01:06]} Be6 {[%emt 0:02:32]} 17. Bxg7 {[%emt 0:01:07]} Kxg7 {[%emt 0:00:06]} 18. Bc2 {[%emt 0:21:19]} Qf6 {[%emt 0:02:09]} 19. b3 {[%emt 0:02:33]} Nd6 {[%emt 0:00:37]} 20. Qd2 {[%emt 0:03:19]} Bxh3 {[%emt 0:08:59]} 21. Ne5 {[%emt 0:06:35]} Bf5 {[%emt 0:00:34]} 22. Rac1 {[%emt 0:01:16]} Bxc2 {[%emt 0:10:38]} 23. Rxc2 {[%emt 0:01:19]} Nf5 {[%emt 0:00:10]} 24. a4 {[%emt 0:00:39]} Qd6 {[%emt 0:02:11]} 25. a5 {[%emt 0:05:48]} Nd7 {[%emt 0:00:14]} 26. Re1 {[%emt 0:02:27]} Rfe8 {[%emt 0:01:37]} 27. Nxd7 {[%emt 0:05:05]} Qxd7 {[%emt 0:00:04]} 28. Na4 {[%emt 0:00:11]} Rxe1+ 29. Qxe1 {[%emt 0:00:02]} Re8 {[%emt 0:02:03]} 30. Qc3 {[%emt 0:00:50]} Qd6 {[%emt 0:02:52]} 31. Nc5 {[%emt 0:01:25]} b6 {[%emt 0:00:51]} 32. axb6 {[%emt 0:01:55]} Qxb6 {[%emt 0:00:05]} 33. g4 {[%emt 0:01:41]} Nd6 {[%emt 0:01:40]} 34. f3 {[%emt 0:02:48]} Nb5 {[%emt 0:00:11]} 35. Qd2 {[%emt 0:00:15]} Qf6 {[%emt 0:00:55]} 36. Qd3 {[%emt 0:13:27]} Qxd4+ {[%emt 0:02:18]} 37. Qxd4+ {[%emt 0:03:40]} Nxd4 {[%emt 0:00:04]} 38. Rf2 {[%emt 0:00:25]} Re3 {[%emt 0:00:35]} 39. Nxa6 {[%emt 0:01:22]} Nxf3+ {[%emt 0:00:41]} 40. Kf1 {[%emt 0:00:32]} Rxb3 {[%emt 0:00:15]} 41. Nc7 {[%emt 0:30:21]} d4 {[%emt 0:31:00]} 42. Ne8+ {[%emt 0:00:51]} Kf8 {[%emt 0:00:18]} 43. Nd6 {[%emt 0:00:08]} Re3 {[%emt 0:02:23]} 44. Nc4 {[%emt 0:00:38]} Rc3 {[%emt 0:00:10]} 45. Nd6 {[%emt 0:00:10]} Ne5 {[%emt 0:01:12]} 46. Rf4 {[%emt 0:00:50]} d3 {[%emt 0:00:21]} 47. Rd4 {[%emt 0:00:50]} Rc2 {[%emt 0:01:28]} 48. g5 {[%emt 0:01:02]} Nf3 {[%emt 0:00:42]} 49. Rd5 {[%emt 0:01:09]} Rc1+ {[%emt 0:00:23]} 50. Kf2 {[%emt 0:01:28]} d2 {[%emt 0:00:05]} 51. Kxf3 {[%emt 0:00:00]} d1=Q+ {[%emt 0:00:06]} 52. Rxd1 {[%emt 0:00:00]} Rxd1 {[%emt 0:00:04]} 53. Ne4 {[%emt 0:00:00]} Kg7 {[%emt 0:00:19]} 54. Nf2 {[%emt 0:00:10]} Rd4 {[%emt 0:00:08]} 55. Ng4 {[%emt 0:00:11]} Rd6 {[%emt 0:00:33]} 56. Kg3 {[%emt 0:00:11]} f6 {[%emt 0:00:11]} 57. gxf6+ {[%emt 0:00:10]} Rxf6 {[%emt 0:00:05]} 0-1

[Event "FRA-chTW Top 12 2019"]
[Site "Vandoeuvre"]
[Date "2019.05.02"]
[Round "1.12"]
[White "Gras, Delphine"]
[Black "Gromas, Hermine"]
[Result "0-1"]
[WhiteElo "1835"]
[BlackElo "1476"]
[Annotator "NA"]
[PlyCount "69"]
[EventDate "2019.05.02"]
[EventType "team-tourn"]
[EventCountry "FRA"]
[SourceTitle "playchess.com"]
[Source "ChessBase"]
[SourceQuality "1"]
[TimeControl "40/5400+30:1800+30"]

1. e4 {[%emt 0:00:00]} c6 {[%emt 0:00:00]} 2. d4 {[%emt 0:00:00]} d5 {[%emt 0:00:00]} 3. Nc3 {[%emt 0:00:00]} dxe4 {[%emt 0:00:00]} 4. Nxe4 {[%emt 0:00:00]} Bf5 {[%emt 0:00:00]} 5. Ng3 {[%emt 0:00:00]} Bg6 {[%emt 0:00:13]} 6. Nf3 {[%emt 0:00:05]} Nf6 {[%emt 0:01:27]} 7. Ne5 {[%emt 0:02:03]} Nbd7 {[%emt 0:03:08]} 8. Nxg6 {[%emt 0:01:02]} hxg6 {[%emt 0:00:07]} 9. Bc4 {[%emt 0:03:17]} e6 {[%emt 0:02:05]} 10. c3 {[%emt 0:04:32]} Bd6 {[%emt 0:03:19]} 11. Qf3 {[%emt 0:01:01]} Qc7 {[%emt 0:06:29]} 12. Ne2 {[%emt 0:09:20]} Nb6 {[%emt 0:06:14]} 13. Bb3 {[%emt 0:00:28]} O-O-O {[%emt 0:34:16]} 14. Bg5 {[%emt 0:03:14]} Nbd7 {[%emt 0:02:12]} 15. O-O-O {[%emt 0:02:32]} Rde8 {[%emt 0:10:39]} 16. c4 {[%emt 0:11:47]} Rhf8 {[%emt 0:04:10]} 17. c5 {[%emt 0:06:22]} Be7 {[%emt 0:02:05]} 18. Bf4 {[%emt 0:01:31]} Qa5 {[%emt 0:02:18]} 19. Nc3 {[%emt 0:11:32]} Nd5 {[%emt 0:03:04]} 20. Bd2 {[%emt 0:06:53]} Qc7 {[%emt 0:03:54]} 21. Ne4 {[%emt 0:05:01]} N7f6 {[%emt 0:14:50]} 22. Ng5 Qd8 23. Rhe1 Qd7 24. Bc2 Bd8 {[%emt 0:00:00]} 25. Qa3 Kb8 {[%emt 0:00:00]} 26. Re2 Bc7 {[%emt 0:00:00]} 27. Rde1 Nf4 {[%emt 0:00:00]} 28. Nxf7 Nxe2+ {[%emt 0:00:00]} 29. Rxe2 Qxf7 {[%emt 0:00:00]} 30. g3 Nd5 {[%emt 0:00:00]} 31. Ba4 e5 {[%emt 0:00:00]} 32. Qb3 Kc8 {[%emt 0:00:00]} 33. dxe5 Rxe5 {[%emt 0:00:00]} 34. Be3 Nxe3 {[%emt 0:00:00]} 35. fxe3 0-1

[Event "FRA-chTW Top 12 2019"]
[Site "Vandoeuvre"]
[Date "2019.05.03"]
[Round "2.1"]
[White "Javakhishvili, Lela"]
[Black "Guichard, Pauline"]
[Result "1-0"]
[WhiteElo "2459"]
[BlackElo "2430"]
[Annotator "TA"]
[PlyCount "71"]
[EventDate "2019.05.02"]
[EventType "team-tourn"]
[EventCountry "FRA"]
[SourceTitle "playchess.com"]
[Source "ChessBase"]
[SourceQuality "1"]

{[%evp 20,71,22,29,76,69,87,81,76,44,126,111,111,111,158,61,70,73,58,53,245,281,282,262,287,273,273,251,265,265,242,80,84,65,93,89,99,100,85,85,77,60,77,79,102,62,165,152,29993,29994,29994,29995,29996,29997]} 1. d4 Nf6 2. c4 g6 3. Nf3 Bg7 4. g3 d5 5. cxd5 Nxd5 6. Bg2 O-O 7. O-O Nc6 8. e4 Nb6 9. d5 Na5 10. Qe1 Nac4 11. Nc3 Qd6 {D74: Fianchetto Grünfeld: Main Line (5 Nf3 0-0 6 cxd5 Nxd5 7 0-0)} (11... Bg4 12. b3 Bxf3 13. Bxf3 Ne5 14. Be2 c6 15. f4 Ned7 16. dxc6 bxc6 17. Be3 e6 18. Rc1 Qe7 19. Qf2 {½-½ (38) Svidler,P (2737)-Artemiev,V (2709) St Petersburg 2018}) 12. b3 Qb4 $146 ({Predecessor:} 12... Qf6 13. Rb1 Bg4 14. Bg5 Qxc3 15. Qxc3 Bxc3 16. bxc4 f5 17. e5 Bxf3 18. Bxf3 Bxe5 19. Rfe1 {½-½ (86) Esen,B (2464)-Mamedov,R (2564) Adana 2006}) 13. e5 Na3 {White is better.} 14. Qd2 Nb5 (14... Bg4 $14) 15. Bb2 $1 $16 Rd8 16. Rfd1 Bg4 17. h3 (17. Nxb5 $1 $16 Qxb5 18. Qf4) 17... Bxf3 $1 $14 18. Bxf3 c6 19. Qe3 $36 {[%mdl 2048] White fights for an advantage.} Nxd5 $2 ({Black should try} 19... cxd5 $14 20. Nxd5 Nxd5 21. Rxd5 (21. Bxd5 Nc7 $16) 21... Rxd5 22. Bxd5 Nc7) 20. Bxd5 $18 cxd5 21. Nxd5 Qa5 22. Qc5 {Strongly threatening a4.} e6 {[#]} 23. Nf6+ $1 Bxf6 24. exf6 Qb6 {[#]} 25. Qg5 $2 (25. Rxd8+ $1 $18 {and the rest is easy.} Rxd8 26. Qe7) 25... Nd6 $16 26. Bd4 Qb5 27. Qxb5 Nxb5 28. Be5 {aiming for a4.} a6 29. Rac1 h6 30. h4 g5 31. Kg2 Na7 32. Bc7 Rdc8 (32... Rxd1 $14 33. Rxd1 Nc6) 33. hxg5 $18 hxg5 $2 (33... Nb5 $16) 34. Rc5 {White mates.} e5 35. Rxe5 Rxc7 36. Rh1 {Accuracy: White = 61%, Black = 44%.} 1-0

[Event "FRA-chTW Top 12 2019"]
[Site "Vandoeuvre"]
[Date "2019.05.03"]
[Round "2.1"]
[White "Rapport, Jovana"]
[Black "Bulmaga, Irina"]
[Result "0-1"]
[WhiteElo "2362"]
[BlackElo "2429"]
[Annotator "TA"]
[PlyCount "82"]
[EventDate "2019.05.02"]
[EventType "team-tourn"]
[EventCountry "FRA"]
[SourceTitle "playchess.com"]
[Source "ChessBase"]
[SourceQuality "1"]

{[%evp 14,82,6,14,28,-23,-14,-22,32,0,-5,-39,-51,-75,-24,-37,-31,-25,-8,-67,-52,-109,-99,-111,-107,-143,-141,-164,-165,-177,-120,-120,-70,-58,-6,-6,-12,-11,-7,-7,-7,-7,0,0,0,0,0,0,0,-13,-5,-61,-14,-14,0,0,0,-118,-105,-362,-334,-275,-221,-384,-223,-406,-223,-288,0,-233,-145]} 1. d4 Nf6 2. Nf3 e6 3. Bf4 b6 4. e3 Bb7 5. c4 Bb4+ 6. Nfd2 O-O 7. a3 Be7 8. Nc3 d6 {E12: Queen's Indian: Unusual White 4th moves, 4 a3, 4 Nc3 Bb7 5 a3 and 4 Nc3 Bb7} (8... c5 9. d5 d6 10. e4 Nbd7 11. Be2 Ne8 12. O-O Bf6 13. Bg3 Bxc3 14. bxc3 e5 15. a4 a5 16. Nb1 Bc8 {0-1 (57) Grachev,B (2626)-Duda,J (2738) St Petersburg 2018}) 9. Qc2 (9. e4 $142) 9... Nbd7 10. Be2 $146 ({Predecessor:} 10. O-O-O Nh5 11. Bg3 f5 12. f3 Nxg3 13. hxg3 g6 14. Bd3 Kg7 15. Rh2 c5 16. Rdh1 {1-0 (29) Meduna,E (2482)-Petrik,T (2335) Pardubice 2001}) 10... c5 (10... Bxg2 $11 11. Rg1 Bb7) 11. d5 exd5 12. cxd5 Nxd5 13. Bf3 Nxf4 (13... N7f6 $17) 14. Bxb7 $11 Rb8 $36 {[%mdl 2048] Black fights for an advantage.} 15. Be4 Ng6 16. Qa4 (16. Bf5 $11) 16... Nf6 17. Nd5 ({Better is} 17. Bxg6 $15 hxg6 18. Qxa7) 17... Nxd5 $17 18. Bxd5 Bf6 19. Rd1 Bxb2 20. Qxa7 b5 21. Ne4 Ne7 (21... c4 $19 22. O-O Qb6) 22. O-O Nxd5 23. Rxd5 Qb6 (23... Ra8 $15 24. Qb7 Qb8) 24. Qxb6 $11 Rxb6 25. Rxd6 Rxd6 26. Nxd6 {[%mdl 4096] Endgame KRB-KRN} c4 {[#] And now ...c3 would win.} 27. Nxb5 c3 {Strongly threatening ...c2.} 28. Nd4 Rc8 {Hoping for ...c2.} 29. Nc2 Rd8 $1 {[%cal Rd8d2] Threatens to win with ...Rd2.} 30. f3 Kf8 (30... Rd2 $5 31. Rf2 $8 Rd1+ 32. Rf1 Rd3 $11) 31. g4 Ke7 32. Kg2 ({White should try} 32. a4 $11) 32... Rd2+ {[%mdl 1024] Black has compensation.} 33. Rf2 Kd6 34. Kf1 Rd5 35. Nd4 {[#]} (35. e4 $11 Rd1+ 36. Ke2 Rd2+ 37. Ke1) 35... Kc5 $1 $17 36. Rc2 $2 {[%mdl 8192]} (36. Ke2 $17 {was called for.}) 36... Kc4 $19 37. Ke2 Ra5 38. Kf2 $2 (38. f4) 38... Rxa3 (38... Kd3 $142 39. Re2 Bxa3) 39. f4 $2 (39. Ke2) 39... Ra5 (39... Kd3 $142 40. Re2 Bc1) 40. Kf3 Ra3 $2 (40... Kd3 $19 {...Rc5 is the strong threat.} 41. Rf2 Ra4) 41. Rf2 $2 (41. Kf2 $1 $11 {and White has nothing to worry.}) 41... f6 {Accuracy: White = 24%, Black = 40%.} 0-1

[Event "FRA-chTW Top 12 2019"]
[Site "Vandoeuvre"]
[Date "2019.05.03"]
[Round "2.2"]
[White "L'Ami, Alina"]
[Black "Sebag, Marie"]
[Result "0-1"]
[WhiteElo "2286"]
[BlackElo "2476"]
[Annotator "TA"]
[PlyCount "86"]
[EventDate "2019.05.02"]
[EventType "team-tourn"]
[EventCountry "FRA"]
[SourceTitle "playchess.com"]
[Source "ChessBase"]
[SourceQuality "1"]

{[%evp 20,86,0,0,8,0,0,-6,21,10,7,24,22,0,25,-45,-39,-102,-112,-110,-93,-153,-140,-145,-102,-159,-82,-101,-54,-60,-65,-100,-107,-99,-93,-148,-140,-119,-58,-58,-45,-43,-59,-66,-67,-58,-58,-57,-43,-52,-26,-33,-35,-95,-83,-86,-74,-91,-74,-93,-94,-376,-348,-812,-798,-1488,-1485,-29986,-29987]} 1. d4 d5 2. c4 c6 3. Nf3 Nf6 4. Nc3 e6 5. Bg5 h6 6. Bh4 dxc4 7. e4 g5 8. Bg3 b5 9. Ne5 Bb7 10. h4 g4 11. Be2 Nbd7 {D43: Semi-Slav: 5 Bg5 h6} 12. Nxd7 Qxd7 13. Be5 Bg7 {The position is equal.} 14. Bxg4 O-O-O 15. Bh3 Ne8 16. Bxg7 Nxg7 {[#]} 17. d5 $146 (17. O-O $11) ({Predecessor:} 17. Ne2 f5 18. b3 fxe4 19. bxc4 Nf5 20. O-O Nxd4 21. Nxd4 Qxd4 22. Bxe6+ Kb8 23. Qxd4 Rxd4 24. Rad1 {½-½ (24) Li,C (2741)-Gelfand,B (2719) Palma de Mallorca 2017}) 17... cxd5 $15 18. Qd4 (18. exd5 $15 f5 19. Qd4) 18... dxe4 $17 19. Qc5+ Qc6 20. Qxb5 (20. Qe5 $142 Qd6 21. Qxb5 (21. Qxg7 $2 Qd2+ 22. Kf1 e3 $19)) 20... Qxb5 21. Nxb5 Kb8 22. Rc1 (22. Rg1 $142) 22... Bd5 (22... Nh5 $142 23. Rc2 Nf4) 23. Bg4 Nf5 (23... Rhg8 {feels hotter.} 24. g3 Rd7 25. Na3 Rc8 26. O-O Ne8) 24. Bxf5 exf5 25. O-O Rhg8 {White must now prevent ...e3!} 26. Nd4 f4 {...f3 is the strong threat.} 27. Ne2 (27. f3 $142) 27... f3 28. Nf4 fxg2 ({Black should play} 28... Bc6 $17 29. Rfd1 Rxd1+ 30. Rxd1 Kc7) 29. Rfd1 $15 Bb7 30. Rxd8+ Rxd8 31. Nxg2 {[%mdl 4096] Endgame KRB-KRN} Rd2 32. Rxc4 Rxb2 33. a4 Rb6 34. Ne3 Rg6+ 35. Kh2 Rf6 36. Kg3 ({Better is} 36. Kg2 $15) 36... Rf3+ $17 37. Kg2 {[#]} f5 $1 {And now ...f4 would win.} 38. Rb4 Kc7 39. Rb5 f4 40. Nf5 $2 {[%mdl 8192]} (40. Nd5+ $17 {only move.} Kc8 41. Ne7+ Kb8 42. Nf5) 40... Ra3 $19 {Hoping for ...e3+.} 41. Kg1 $2 (41. Rc5+ Kd7 42. Kf1) 41... Ra1+ 42. Kh2 e3 {[%csl Gb7][%cal Ra1h1]} 43. Rc5+ {[#]} Kd7 $1 {Accuracy: White = 30%, Black = 69%.} 0-1